[Event "Ghent op 25th"]
[Site "Ghent"]
[Date "2002.07.20"]
[Round "2"]
[White "Dam, Ruurd"]
[Black "Ikonnikov, Vyacheslav"]
[Result "0-1"]
[WhiteElo "2255"]
[BlackElo "2527"]
[PlyCount "50"]
[EventDate "2002.07.20"]
[EventType "swiss"]
[EventRounds "9"]
[EventCountry "BEL"]
[SourceTitle "CBM 089 Extra"]
[Source "ChessBase"]
[SourceDate "2002.09.10"]
[SourceVersion "2"]
[SourceVersionDate "2002.09.10"]
[SourceQuality "1"]

1. d4 Nf6 2. Nf3 e6 3. g3 c5 4. c4 cxd4 5. Nxd4 d5 6. Bg2 e5 7. Nf3 d4 8. 0-0 Nc6 9. Bg5 Be7 10. e3 0-0 11. exd4 exd4 12. Nbd2 h6 13. Bxf6 Bxf6 14. a3 a5 15. b3 Bf5 16. Re1 d3 17. Rb1 Be7 18. Ne5 Bxa3 19. Nxc6 bxc6 20. Bxc6 Ra6 21. Bd5 Bb4 22. Re5 Qf6 23. Re3 Qg6 24. Ne4 d2 25. Qf3 Bg4 0-1

[Event "Groningen SC op"]
[Site "Groningen"]
[Date "1996.??.??"]
[Round "1"]
[White "Wagenmakers, Eric Jan"]
[Black "Dam, Ruurd"]
[Result "1-0"]
[WhiteElo "2280"]
[BlackElo "2255"]
[PlyCount "55"]
[EventDate "1996.??.??"]
[EventType "swiss"]
[EventRounds "6"]
[EventCountry "NED"]
[SourceTitle "EXT 1998"]
[Source "ChessBase"]
[SourceDate "1997.11.17"]
[SourceVersion "1"]
[SourceVersionDate "1997.11.17"]
[SourceQuality "1"]

1. d4 Nf6 2. c4 g6 3. Nc3 Bg7 4. e4 d6 5. Bd3 Nc6 6. Nge2 e5 7. d5 Ne7 8. 0-0 0-0 9. f3 Nd7 10. Rb1 a5 11. a3 Nc5 12. Bc2 f5 13. b4 Na6 14. exf5 gxf5 15. Be3 Ng6 16. Qd2 Rf7 17. Rfd1 Bd7 18. c5 Qf8 19. c6 bxc6 20. dxc6 Be6 21. Bb3 Bxb3 22. Rxb3 axb4 23. axb4 e4 24. f4 Rb8 25. Rdb1 Qe8 26. Qa2 Qc8 27. Nd5 Kf8 28. Ra3 1-0

[Event "NED-chTB 9495"]
[Site "Netherlands"]
[Date "1994.??.??"]
[Round "4"]
[White "Dam, Ruurd"]
[Black "Verdonk, Roland"]
[Result "1-0"]
[WhiteElo "2255"]
[BlackElo "2285"]
[PlyCount "123"]
[EventDate "1994.??.??"]
[EventType "team"]
[EventRounds "9"]
[EventCountry "NED"]
[SourceTitle "EXT 2002"]
[Source "ChessBase"]
[SourceDate "2001.11.25"]
[SourceVersion "1"]
[SourceVersionDate "2001.11.25"]
[SourceQuality "1"]

1. e4 c5 2. Nc3 g6 3. f4 Bg7 4. Nf3 Nc6 5. Bb5 Nd4 6. Nxd4 cxd4 7. Ne2 Qb6 8. Bc4 Nf6 9. e5 d3 10. cxd3 Ng4 11. d4 Qc6 12. Qb3 Qxg2 13. Bxf7+ Kd8 14. Bd5 Qf2+ 15. Kd1 Qh4 16. Kc2 d6 17. Qg3 Qh5 18. Nc3 Qf5+ 19. d3 Nh6 20. Bd2 Qd7 21. Rac1 Nf5 22. Qf2 Rb8 23. Be4 b6 24. Rhe1 Ba6 25. d5 Rf8 26. e6 Qe8 27. Be3 Bxc3 28. bxc3 Qa4+ 29. Kb1 Qa5 30. Ka1 Rc8 31. c4 Kc7 32. Re2 Kb8 33. Rb2 Nxe3 34. Qxe3 Qc5 35. Qxc5 Rxc5 36. Rf2 b5 37. Rb1 Kc7 38. cxb5 Rxb5 39. Rxb5 Bxb5 40. Kb2 Kb6 41. Kc3 Kc5 42. Rf3 Be8 43. d4+ Kb5 44. Bd3+ Ka4 45. Rh3 h5 46. Rg3 Rxf4 47. Bxg6 Bxg6 48. Rxg6 Kb5 49. Kd3 Rf3+ 50. Ke4 Rf1 51. Rg7 Kc4 52. Rxe7 Re1+ 53. Kf5 Kxd5 54. Kf6 a6 55. Re8 Rf1+ 56. Ke7 Rf2 57. Rd8 Kxd4 58. Rxd6+ Kc5 59. Kd7 Rxh2 60. e7 Re2 61. Re6 Rd2+ 62. Kc7 1-0

[Event "NED-chTB 9495"]
[Site "Netherlands"]
[Date "1994.??.??"]
[Round "7"]
[White "Jonker, Marc"]
[Black "Dam, Ruurd"]
[Result "1-0"]
[WhiteElo "2325"]
[BlackElo "2255"]
[PlyCount "83"]
[EventDate "1994.??.??"]
[EventType "team"]
[EventRounds "9"]
[EventCountry "NED"]
[SourceTitle "EXT 2002"]
[Source "ChessBase"]
[SourceDate "2001.11.25"]
[SourceVersion "1"]
[SourceVersionDate "2001.11.25"]
[SourceQuality "1"]

1. e4 c5 2. Nf3 d6 3. c3 Nf6 4. Bd3 Bg4 5. h3 Bxf3 6. Qxf3 Nc6 7. Bb5 Qb6 8. a4 a6 9. Bxc6+ Qxc6 10. d3 g6 11. Bg5 Bg7 12. Nd2 0-0 13. a5 Nd7 14. Bxe7 Rfe8 15. Bg5 Qb5 16. Nc4 d5 17. Nd6 Qxb2 18. Qxf7+ Kh8 19. 0-0 Ne5 20. Qxd5 Qxc3 21. f4 h6 22. fxe5 hxg5 23. Nxe8 Rxe8 24. e6 c4 25. Rab1 cxd3 26. Rxb7 d2 27. Qd7 Rg8 28. Kh1 Qc4 29. Rbb1 Qe2 30. e7 Qxe4 31. Qxd2 Qxe7 32. Qd3 Be5 33. Rb6 Bc7 34. Rxg6 Rxg6 35. Qxg6 Bxa5 36. Qh6+ Kg8 37. Qxa6 Bc7 38. Qg6+ Kh8 39. Qf6+ Qxf6 40. Rxf6 Kg7 41. Rc6 Be5 42. g4 1-0

[Event "Leeuwarden op"]
[Site "Leeuwarden"]
[Date "1993.??.??"]
[Round "1"]
[White "Dam, Ruurd"]
[Black "Pliester, Leon"]
[Result "1-0"]
[WhiteElo "2255"]
[BlackElo "2420"]
[PlyCount "49"]
[EventDate "1993.08.??"]
[EventType "swiss"]
[EventRounds "9"]
[EventCountry "NED"]
[SourceTitle "TD"]
[Source "ChessBase"]
[SourceDate "1994.03.01"]
[SourceVersion "1"]
[SourceVersionDate "1994.03.01"]
[SourceQuality "1"]

1. e4 c5 2. d3 Nc6 3. g3 g6 4. Bg2 Bg7 5. f4 e6 6. Nf3 Nge7 7. 0-0 0-0 8. c3 d6 9. Be3 Rb8 10. d4 cxd4 11. cxd4 b5 12. Nc3 b4 13. Ne2 Qb6 14. Bf2 d5 15. e5 Bd7 16. g4 f6 17. exf6 Bxf6 18. Ne5 Be8 19. Qd2 Na5 20. b3 Bb5 21. Rfe1 Rbc8 22. g5 Bxe5 23. dxe5 Qa6 24. Nd4 Nf5 25. Nxe6 1-0

[Event "Leeuwarden op"]
[Site "Leeuwarden"]
[Date "1993.??.??"]
[Round "2"]
[White "Horvath, Csaba"]
[Black "Dam, Ruurd"]
[Result "1-0"]
[WhiteElo "2495"]
[BlackElo "2255"]
[PlyCount "47"]
[EventDate "1993.08.??"]
[EventType "swiss"]
[EventRounds "9"]
[EventCountry "NED"]
[SourceTitle "TD"]
[Source "ChessBase"]
[SourceDate "1994.03.01"]
[SourceVersion "1"]
[SourceVersionDate "1994.03.01"]
[SourceQuality "1"]

1. d4 d6 2. e4 e5 3. dxe5 dxe5 4. Qxd8+ Kxd8 5. Bc4 f6 6. Nc3 Bc5 7. f4 Nc6 8. Nf3 Nd4 9. Nxd4 exd4 10. Na4 Bd6 11. b3 Bd7 12. Nb2 Nh6 13. 0-0 b5 14. Bd3 a6 15. a4 Rb8 16. h3 Bb4 17. axb5 axb5 18. Nd1 Nf7 19. Bb2 Bc5 20. Nf2 Nd6 21. Rad1 Ra8 22. e5 Ra2 23. exd6 Rxb2 24. Ra1 1-0

[Event "Leeuwarden op"]
[Site "Leeuwarden"]
[Date "1993.??.??"]
[Round "4"]
[White "Lemmers, Oscar"]
[Black "Dam, Ruurd"]
[Result "1-0"]
[WhiteElo "2385"]
[BlackElo "2255"]
[PlyCount "65"]
[EventDate "1993.08.??"]
[EventType "swiss"]
[EventRounds "9"]
[EventCountry "NED"]
[SourceTitle "TD"]
[Source "ChessBase"]
[SourceDate "1994.03.01"]
[SourceVersion "1"]
[SourceVersionDate "1994.03.01"]
[SourceQuality "1"]

1. e4 e6 2. d4 a6 3. Nf3 b5 4. Bd3 Bb7 5. c3 c5 6. Nbd2 Nf6 7. Qe2 cxd4 8. cxd4 Nc6 9. 0-0 Be7 10. Re1 Nb4 11. Bb1 Rc8 12. Nf1 Qc7 13. Bd2 Qc4 14. Qd1 d5 15. e5 Ne4 16. a3 Nc2 17. Ne3 Nxe3 18. Bxe3 h6 19. Re2 Qc7 20. Ne1 Qd7 21. Nd3 Rc4 22. f3 Ng5 23. b3 Rc7 24. Bd2 Qc6 25. Ba5 Rc8 26. Rc2 Qd7 27. Bb4 Bxb4 28. axb4 Rc6 29. Raa2 Nh7 30. Nc5 Qc8 31. Qc1 0-0 32. Nxb7 Rxc2 33. Qxc2 1-0

[Event "OHRA-B"]
[Site "Amsterdam"]
[Date "1990.??.??"]
[Round "4"]
[White "Dam, Ruurd"]
[Black "Van Wely, Loek"]
[Result "0-1"]
[WhiteElo "2270"]
[BlackElo "2400"]
[PlyCount "102"]
[EventDate "1990.07.??"]
[EventType "swiss"]
[EventRounds "9"]
[EventCountry "NED"]
[SourceTitle "CBM 020"]
[Source "ChessBase"]
[SourceDate "1991.02.01"]
[SourceVersion "1"]
[SourceVersionDate "1991.02.01"]
[SourceQuality "1"]

1. e4 c5 2. Nf3 d6 3. d4 cxd4 4. Nxd4 Nf6 5. Nc3 a6 6. Bg5 e6 7. f4 b5 8. e5 dxe5 9. fxe5 Qc7 10. exf6 Qe5+ 11. Be2 Qxg5 12. Qd3 Ra7 13. Ne4 Qe5 14. 0-0-0 Rd7 15. Qc3 Qc7 16. Nxb5 axb5 17. fxg7 Qxc3 18. gxf8Q+ Kxf8 19. Nxc3 b4 20. Ne4 Ke7 21. Bf3 Ra7 22. Kb1 Bb7 23. Nc5 Bxf3 24. gxf3 Nc6 25. Nb3 Rha8 26. Nc1 Ra5 27. Rhg1 Rh5 28. Rd2 Rd8 29. Nd3 Ne5 30. Rg3 Rf5 31. Rf2 Nxd3 32. cxd3 Rxd3 33. Kc2 Rd4 34. Re2 Rdf4 35. Kb3 h5 36. Re4 h4 37. Rxf4 Rxf4 38. Rg4 Rxf3+ 39. Kxb4 Rf2 40. Rxh4 Rxb2+ 41. Ka3 Rb8 42. Rb4 Rd8 43. h4 f5 44. Kb3 e5 45. Kc3 f4 46. Rb2 Ke6 47. Rd2 Rh8 48. Rh2 Kf5 49. Kd3 e4+ 50. Ke2 Rb8 51. Kf1 e3 0-1

[Event "Lugano op"]
[Site "Lugano"]
[Date "1989.03.11"]
[Round "9"]
[White "Dam, Ruurd"]
[Black "Zueger, Beat"]
[Result "1/2-1/2"]
[WhiteElo "2315"]
[BlackElo "2445"]
[PlyCount "40"]
[EventDate "1989.03.03"]
[EventType "swiss"]
[EventRounds "9"]
[EventCountry "SUI"]
[SourceTitle "TD"]
[Source "ChessBase"]
[SourceDate "1994.03.01"]
[SourceVersion "1"]
[SourceVersionDate "1994.03.01"]
[SourceQuality "1"]

1. e4 e6 2. d4 d5 3. Nd2 Nf6 4. e5 Nfd7 5. c3 c5 6. Bd3 Nc6 7. Ne2 cxd4 8. cxd4 f6 9. exf6 Nxf6 10. Nf3 Bd6 11. 0-0 0-0 12. Bf4 Bxf4 13. Nxf4 Ne4 14. Nh5 g6 15. Ng3 Rxf3 16. Qxf3 Nd2 17. Qf4 Nxf1 18. Rxf1 Qf8 19. Qxf8+ Kxf8 20. Ne2 Bd7 1/2-1/2

[Event "Lugano op"]
[Site "Lugano"]
[Date "1989.03.08"]
[Round "6"]
[White "Dam, Ruurd"]
[Black "Renaze, Luc"]
[Result "1-0"]
[WhiteElo "2315"]
[BlackElo "2225"]
[PlyCount "81"]
[EventDate "1989.03.03"]
[EventType "swiss"]
[EventRounds "9"]
[EventCountry "SUI"]
[SourceTitle "TD"]
[Source "ChessBase"]
[SourceDate "1994.03.01"]
[SourceVersion "1"]
[SourceVersionDate "1994.03.01"]
[SourceQuality "1"]

1. e4 e5 2. Nf3 Nc6 3. Bc4 Bc5 4. c3 Qe7 5. d3 Nf6 6. 0-0 d6 7. Nbd2 h6 8. b4 Bb6 9. a4 a5 10. b5 Nb8 11. d4 Bg4 12. h3 Bh5 13. Re1 Nbd7 14. Nf1 Bxf3 15. Qxf3 exd4 16. Bb2 Ne5 17. Qe2 d3 18. Bxd3 Nh5 19. Bc1 Bxf2+ 20. Kxf2 Qh4+ 21. g3 Qxh3 22. Rd1 0-0 23. Kg1 Nxg3 24. Qg2 Qxg2+ 25. Kxg2 Nxd3 26. Nxg3 Nxc1 27. Raxc1 b6 28. Nf5 Rae8 29. Rd4 Re5 30. Rc4 Rc5 31. Rxc5 bxc5 32. Ne7+ Kh7 33. Nd5 Rc8 34. Re1 g6 35. e5 dxe5 36. Rxe5 Kg7 37. Ne3 Rd8 38. Rxc5 Rd7 39. Nd5 h5 40. c4 g5 41. Rxc7 1-0

[Event "Lugano op"]
[Site "Lugano"]
[Date "1989.03.07"]
[Round "5"]
[White "Sarno, Spartaco"]
[Black "Dam, Ruurd"]
[Result "0-1"]
[WhiteElo "2270"]
[BlackElo "2315"]
[PlyCount "80"]
[EventDate "1989.03.03"]
[EventType "swiss"]
[EventRounds "9"]
[EventCountry "SUI"]
[SourceTitle "TD"]
[Source "ChessBase"]
[SourceDate "1994.03.01"]
[SourceVersion "1"]
[SourceVersionDate "1994.03.01"]
[SourceQuality "1"]

1. d4 Nf6 2. c4 g6 3. Nc3 Bg7 4. e4 d6 5. f3 0-0 6. Be3 c5 7. d5 e6 8. Qd2 exd5 9. cxd5 h5 10. a4 Qe7 11. Nge2 Nbd7 12. Nd1 Nh7 13. Nec3 Ne5 14. Be2 f5 15. Nf2 a6 16. 0-0 Bd7 17. Rae1 Rab8 18. exf5 Bxf5 19. f4 Nf7 20. Bd3 Qd7 21. Bxf5 gxf5 22. Nd3 Rbc8 23. Rf3 Nf6 24. Bf2 Rfe8 25. Bh4 Ne4 26. Nxe4 fxe4 27. Rg3 Nh6 28. Bf6 Ng4 29. Bxg7 Qxg7 30. h3 Qd4+ 31. Kh1 c4 32. f5 e3 33. Qb4 a5 34. Qxd6 cxd3 35. hxg4 h4 36. Rgxe3 Rxe3 37. Rxe3 Qxe3 38. Qg6+ Kf8 39. Qf6+ Ke8 40. Qg6+ Kd7 0-1

[Event "Lugano op"]
[Site "Lugano"]
[Date "1989.03.06"]
[Round "4"]
[White "Tukmakov, Vladimir B"]
[Black "Dam, Ruurd"]
[Result "1-0"]
[WhiteElo "2590"]
[BlackElo "2315"]
[PlyCount "65"]
[EventDate "1989.03.03"]
[EventType "swiss"]
[EventRounds "9"]
[EventCountry "SUI"]
[SourceTitle "TD"]
[Source "ChessBase"]
[SourceDate "1994.03.01"]
[SourceVersion "1"]
[SourceVersionDate "1994.03.01"]
[SourceQuality "1"]

1. d4 Nf6 2. c4 g6 3. Nc3 Bg7 4. e4 d6 5. Be2 0-0 6. Bg5 h6 7. Be3 c5 8. dxc5 Qa5 9. Bd2 Qxc5 10. Nf3 Bg4 11. Be3 Qa5 12. Nd2 Bxe2 13. Qxe2 Nc6 14. 0-0 Rfc8 15. Rfc1 Nd7 16. a3 Qd8 17. Rab1 Qf8 18. b4 Nd4 19. Qd3 Ne6 20. f4 Bxc3 21. Rxc3 Qg7 22. Nf3 b5 23. Rbc1 bxc4 24. Rxc4 Rxc4 25. Qxc4 Nb6 26. Qa6 Qf8 27. f5 gxf5 28. exf5 Nd5 29. fxe6 Nxe3 30. Qd3 Ng4 31. exf7+ Kh8 32. Rc7 Nf6 33. Nd4 1-0

[Event "Dieren op"]
[Site "Dieren"]
[Date "1989.??.??"]
[Round "5"]
[White "Dam, Ruurd"]
[Black "De Boer, Gert Jan"]
[Result "1/2-1/2"]
[WhiteElo "2315"]
[BlackElo "2385"]
[PlyCount "42"]
[EventDate "1989.??.??"]
[EventType "swiss"]
[EventRounds "9"]
[EventCountry "NED"]
[SourceTitle "EXT 1997"]
[Source "ChessBase"]
[SourceDate "1996.11.15"]
[SourceVersion "1"]
[SourceVersionDate "1996.11.15"]
[SourceQuality "1"]

1. d4 Nf6 2. c4 g6 3. Nc3 d5 4. cxd5 Nxd5 5. e4 Nxc3 6. bxc3 Bg7 7. Qa4+ Nd7 8. Nf3 0-0 9. Bg5 c5 10. Rc1 h6 11. Be3 e5 12. d5 f5 13. Bd3 f4 14. Bd2 g5 15. h3 Nf6 16. Rb1 Ne8 17. c4 Nd6 18. Bc3 Re8 19. Qa3 b6 20. Qb2 h5 21. a4 Rb8 1/2-1/2

[Event "Belfort op"]
[Site "Belfort"]
[Date "1989.??.??"]
[Round "8"]
[White "Dam, Ruurd"]
[Black "Kraut, Rainer"]
[Result "0-1"]
[WhiteElo "2330"]
[BlackElo "2380"]
[PlyCount "52"]
[EventDate "1989.07.??"]
[EventType "swiss"]
[EventRounds "9"]
[EventCountry "FRA"]
[SourceTitle "TD"]
[Source "ChessBase"]
[SourceDate "1994.03.01"]
[SourceVersion "1"]
[SourceVersionDate "1994.03.01"]
[SourceQuality "1"]

1. d4 d5 2. Nf3 Nf6 3. c4 dxc4 4. Nc3 Nc6 5. d5 Na5 6. Qa4+ c6 7. b4 cxb3 8. axb3 e6 9. Bd2 Nxb3 10. Qxb3 exd5 11. e4 Nxe4 12. Nxe4 Qe7 13. Be2 dxe4 14. 0-0 Be6 15. Bc4 exf3 16. Rfe1 0-0-0 17. Rxe6 fxe6 18. Bxe6+ Kb8 19. Bf4+ Ka8 20. Qa4 a6 21. Qa5 Rd4 22. Be5 Qd8 23. Bxd4 Qxd4 24. Rc1 Bb4 25. Qc7 Bc5 26. Qg3 Re8 0-1

[Event "Groningen op"]
[Site "Groningen"]
[Date "1989.??.??"]
[Round "1"]
[White "Inkiov, Ventzislav"]
[Black "Dam, Ruurd"]
[Result "1-0"]
[WhiteElo "2470"]
[BlackElo "2315"]
[PlyCount "43"]
[EventDate "1989.12.??"]
[EventType "swiss"]
[EventRounds "9"]
[EventCountry "NED"]
[SourceTitle "EXT 1998"]
[Source "ChessBase"]
[SourceDate "1997.11.17"]
[SourceVersion "1"]
[SourceVersionDate "1997.11.17"]
[SourceQuality "1"]

1. d4 Nf6 2. c4 g6 3. Nc3 Bg7 4. Nf3 0-0 5. Bg5 c5 6. e3 d6 7. Be2 h6 8. Bh4 Nc6 9. d5 Na5 10. Nd2 a6 11. 0-0 Rb8 12. a4 Re8 13. f4 Qb6 14. Rb1 e6 15. e4 exd5 16. e5 dxe5 17. fxe5 Rxe5 18. Bg3 Rxe2 19. Qxe2 Ra8 20. Nxd5 Nxd5 21. Qe8+ Kh7 22. cxd5 1-0

[Event "Groningen Casino op"]
[Site "Groningen"]
[Date "1988.12.29"]
[Round "8"]
[White "Stratmann, Burkhard"]
[Black "Dam, Ruurd"]
[Result "0-1"]
[WhiteElo "2215"]
[BlackElo "2305"]
[PlyCount "74"]
[EventDate "1988.12.21"]
[EventType "swiss"]
[EventRounds "9"]
[EventCountry "NED"]
[SourceTitle "EXT 1997"]
[Source "ChessBase"]
[SourceDate "1996.11.15"]
[SourceVersion "1"]
[SourceVersionDate "1996.11.15"]
[SourceQuality "1"]

1. d4 Nf6 2. c4 g6 3. Nc3 Bg7 4. e4 d6 5. Nf3 0-0 6. Be2 e5 7. 0-0 exd4 8. Nxd4 Re8 9. f3 c6 10. Kh1 Nbd7 11. Bf4 Nh5 12. Be3 Qe7 13. Qd2 f5 14. Rad1 fxe4 15. fxe4 Nc5 16. Bxh5 gxh5 17. Bh6 Be5 18. h3 Kh8 19. Nf3 Bf6 20. Rde1 Nd7 21. c5 Nxc5 22. e5 dxe5 23. Qe3 Bf5 24. b4 Nd7 25. Ng5 Bg6 26. Nce4 Bg7 27. Bxg7+ Qxg7 28. Nd6 Rf8 29. a3 b6 30. h4 Rxf1+ 31. Rxf1 Rf8 32. Rd1 Qe7 33. Nde4 Nf6 34. Nxf6 Qxf6 35. Rd7 Qf4 36. Qxf4 exf4 37. Rxa7 Rc8 0-1

[Event "Groningen Casino op"]
[Site "Groningen"]
[Date "1988.12.27"]
[Round "6"]
[White "Bofill Mas, Alejandro"]
[Black "Dam, Ruurd"]
[Result "1-0"]
[WhiteElo "2415"]
[BlackElo "2305"]
[PlyCount "113"]
[EventDate "1988.12.21"]
[EventType "swiss"]
[EventRounds "9"]
[EventCountry "NED"]
[SourceTitle "EXT 1997"]
[Source "ChessBase"]
[SourceDate "1996.11.15"]
[SourceVersion "1"]
[SourceVersionDate "1996.11.15"]
[SourceQuality "1"]

1. e4 e5 2. Nf3 Nc6 3. Bb5 a6 4. Bxc6 dxc6 5. 0-0 f6 6. d4 Bg4 7. dxe5 Qxd1 8. Rxd1 fxe5 9. b3 Nf6 10. Nbd2 Bd6 11. Bb2 0-0 12. h3 Bh5 13. g4 Bg6 14. Nxe5 Bxe5 15. Bxe5 Nxe4 16. Nxe4 Bxe4 17. c4 Rf7 18. f4 c5 19. Rd2 Re8 20. Re1 Bc6 21. Red1 Rfe7 22. Kf2 Kf7 23. h4 h5 24. gxh5 Rh8 25. Rg1 Rh7 26. Rd3 Kf8 27. Rg5 Ke8 28. Rdg3 Kf8 29. Ke3 Be8 30. h6 gxh6 31. Rg8+ Kf7 32. R8g6 Kf8 33. Rg8+ Kf7 34. R3g7+ Rxg7 35. Rxg7+ Kf8 36. Rxe7 Kxe7 37. f5 c6 38. Bg7 h5 39. Bb2 Kd6 40. Kf4 b5 41. Kg5 bxc4 42. bxc4 Bf7 43. a3 Ke7 44. Bc1 Kd6 45. Bf4+ Ke7 46. Be3 Kd6 47. Bf2 Ke5 48. Bg3+ Ke4 49. Kf6 Bxc4 50. Kg6 Kf3 51. Be1 Bd3 52. Kg5 Ke2 53. Ba5 Bxf5 54. Kxf5 Kd3 55. Kg5 c4 56. Kxh5 c3 57. Bd8 1-0

[Event "Groningen Casino op"]
[Site "Groningen"]
[Date "1988.12.26"]
[Round "5"]
[White "Dam, Ruurd"]
[Black "Boersma, Paul"]
[Result "0-1"]
[WhiteElo "2305"]
[BlackElo "2390"]
[PlyCount "76"]
[EventDate "1988.12.21"]
[EventType "swiss"]
[EventRounds "9"]
[EventCountry "NED"]
[SourceTitle "EXT 1997"]
[Source "ChessBase"]
[SourceDate "1996.11.15"]
[SourceVersion "1"]
[SourceVersionDate "1996.11.15"]
[SourceQuality "1"]

1. d4 Nf6 2. c4 e6 3. g3 Bb4+ 4. Bd2 Qe7 5. Bg2 Nc6 6. Nf3 Bxd2+ 7. Nbxd2 d6 8. 0-0 a5 9. e4 e5 10. d5 Nb8 11. Ne1 h5 12. h4 0-0 13. Nd3 Na6 14. Qe2 Bd7 15. Rfc1 c5 16. a3 a4 17. Qf1 Nc7 18. Bh3 b5 19. Bxd7 Qxd7 20. Qg2 Rfb8 21. Re1 bxc4 22. Nxc4 Nb5 23. Rac1 Nd4 24. f4 exf4 25. gxf4 Rb3 26. Rc3 Rd8 27. e5 dxe5 28. Nxc5 Qa7 29. Nxb3 Ne2+ 30. Kh1 Nxc3 31. fxe5 Ng4 32. bxc3 axb3 33. Nd6 Qxa3 34. Qf3 Nxe5 35. Rxe5 Qxd6 36. Qe4 b2 37. Rxh5 Qg6 38. Rf5 Rb8 0-1

[Event "Groningen Casino op"]
[Site "Groningen"]
[Date "1988.12.21"]
[Round "1"]
[White "Dam, Ruurd"]
[Black "Norwood, David"]
[Result "0-1"]
[WhiteElo "2305"]
[BlackElo "2470"]
[PlyCount "54"]
[EventDate "1988.12.21"]
[EventType "swiss"]
[EventRounds "9"]
[EventCountry "NED"]
[SourceTitle "EXT 1997"]
[Source "ChessBase"]
[SourceDate "1996.11.15"]
[SourceVersion "1"]
[SourceVersionDate "1996.11.15"]
[SourceQuality "1"]

1. d4 Nf6 2. c4 e6 3. g3 c5 4. d5 exd5 5. cxd5 d6 6. Nc3 g6 7. Bg2 Bg7 8. Nf3 0-0 9. 0-0 Re8 10. Bf4 Ne4 11. Nxe4 Rxe4 12. Nd2 Rxf4 13. gxf4 Bxb2 14. Rb1 Bg7 15. Nf3 Nd7 16. e4 Nf6 17. e5 Nh5 18. Qa4 Bd7 19. Qe4 Bf5 20. Qc4 b6 21. e6 Bh6 22. Rbd1 Nxf4 23. Rfe1 Qf6 24. exf7+ Qxf7 25. h4 Rf8 26. Ng5 Bxg5 27. hxg5 Bd3 0-1

[Event "OHRA-B"]
[Site "Amsterdam"]
[Date "1987.??.??"]
[Round "5"]
[White "Gutman, Lev"]
[Black "Dam, Ruurd"]
[Result "1/2-1/2"]
[WhiteElo "2475"]
[BlackElo "2560"]
[PlyCount "161"]
[EventDate "1987.08.??"]
[EventType "swiss"]
[EventRounds "9"]
[EventCountry "NED"]
[SourceTitle "TD"]
[Source "ChessBase"]
[SourceDate "1994.03.01"]
[SourceVersion "1"]
[SourceVersionDate "1994.03.01"]
[SourceQuality "1"]

1. d4 d5 2. c4 e6 3. cxd5 exd5 4. Nc3 Be7 5. Bf4 Nf6 6. e3 0-0 7. Bd3 c5 8. Nge2 Nc6 9. 0-0 cxd4 10. Nxd4 Bg4 11. Qb3 Qd7 12. Rac1 Nxd4 13. exd4 Rac8 14. Rfe1 Be6 15. Qb5 Qxb5 16. Nxb5 Bb4 17. Red1 a6 18. a3 Be7 19. Bd6 Rfe8 20. Bxe7 Rxe7 21. Rxc8+ Bxc8 22. Rc1 Bd7 23. Nd6 Bc6 24. Nf5 Re6 25. Ne3 g6 26. b4 Kf8 27. Kf1 Ke8 28. Ke2 Ng4 29. h3 Nxe3 30. fxe3 Kd7 31. g4 h6 32. h4 Re8 33. Kf3 Kd6 34. Kf4 Re7 35. g5 hxg5+ 36. hxg5 Re8 37. Rh1 Bd7 38. Rh7 Be6 39. e4 dxe4 40. Bxe4 Re7 41. Rh8 Rd7 42. Re8 Bd5 43. Re5 Bxe4 44. Kxe4 Rc7 45. b5 axb5 46. Rd5+ Ke7 47. Rxb5 f6 48. Rb6 fxg5 49. Ke5 Rc3 50. Rxb7+ Ke8 51. a4 Ra3 52. Ke6 Kd8 53. Kd6 Kc8 54. Rb4 g4 55. d5 g3 56. Rg4 g2 57. Rxg6 Rxa4 58. Rg8+ Kb7 59. Rxg2 Rh4 60. Re2 Rh1 61. Kd7 Rh7+ 62. Re7 Rh6 63. Re8 Rh7+ 64. Kd6 Rh6+ 65. Re6 Rh1 66. Rf6 Rh2 67. Ke7 Rh7+ 68. Rf7 Rh8 69. Kd6+ Kb6 70. Ke6 Rh6+ 71. Rf6 Rh7 72. Kd6 Kb7 73. Re6 Rh1 74. Kd7 Rh7+ 75. Re7 Rh6 76. d6 Rh8 77. Re6 Kb6 78. Re8 Rh7+ 79. Re7 Rh8 80. Re1 Rh7+ 81. Ke6 1/2-1/2

[Event "OHRA-B"]
[Site "Amsterdam"]
[Date "1987.??.??"]
[Round "4"]
[White "Peelen, Piet"]
[Black "Dam, Ruurd"]
[Result "1-0"]
[WhiteElo "2385"]
[BlackElo "2560"]
[PlyCount "51"]
[EventDate "1987.08.??"]
[EventType "swiss"]
[EventRounds "9"]
[EventCountry "NED"]
[SourceTitle "TD"]
[Source "ChessBase"]
[SourceDate "1994.03.01"]
[SourceVersion "1"]
[SourceVersionDate "1994.03.01"]
[SourceQuality "1"]

1. e4 e5 2. Nf3 Nc6 3. Bb5 a6 4. Ba4 Nf6 5. 0-0 Be7 6. Re1 b5 7. Bb3 0-0 8. d3 d6 9. c3 Na5 10. Bc2 c5 11. Nbd2 Qc7 12. Nf1 Nc6 13. Ng3 h6 14. Nh4 Re8 15. Nhf5 Bf8 16. a4 Rb8 17. axb5 axb5 18. Qf3 Qd8 19. Bb3 Be6 20. Bd5 Rb6 21. Nh5 Nxh5 22. Qxh5 Qf6 23. Bxe6 Rxe6 24. Re3 Ne7 25. Rg3 Rb7 26. Bxh6 1-0